LEADER 01368nam a2200313 u 4500 001 000000024809 003 CaOOAMICUS 005 20070226111407.0 008 940517s1968 gw u000 u ger u 035 $a10631279 040 $aEFR$bita 100 1 $aVogt, Hermann Josef.$0(OLS)http://pul/name/10835 245 10$aCoetus sanctorum :$bder Kirchenbegriff des Novatian und die Geschichte seiner Sonderkirche /$cvon Hermann Josef Vogt. 260 $aBonn :$bP. Hanstein,$c1968. 300 $a307 p. ;$c26 cm 490 1 $aTheophaneia ;$v20 500 $aComprende indici. 502 $aDiss. -- Universität Bonn. 504 $aBibliografia: p. [10]-13. 600 04$aNovatianus,$cantipapa,$dm. dopo il 251.$0(OLS)http://pul/subject/7464 710 2 $aUniversität Bonn.$0(OLS)http://pul/name/922 830 0$aTheophaneia ;$v20.$0(OLS)http://pul/title/21413 850 $aPUL 852 $aPUL$W1$xDP1 Fondo Maccarrone$y58$m1505 F 9$j34707$nBK-PRI$b $qFondi$B34707$CPULBib$Z2$F34707 $H $81 941 1 $a1 960 $aNovaziano,$cantipapa,$dm. dopo il 251$97464 961 $aINV: 01608 -- Fondo Mons. M. Maccarrone 996 $6245$aCoetus sanctorum :$bder Kirchenbegriff des Novatian und die Geschichte seiner Sonderkirche$9(OLS)http://pul/title/34252 996 $6260$aBonn :$bP. Hanstein$9(OLS)http://pul/publisher/48703 LEADER 01509nas a2200265 a 4500 001 000000106196 003 CaOOAMICUS 005 20140623104236.0 008 070710d19301939it ur p 0 0ita r 040 $aPUL$bita$dGP 245 10$aMemorie della Classe di scienze fisiche, matematiche e naturali /$cReale Accademia d'Italia. 260 $aRoma :$bReale Accademia d'Italia 300 $a10 v. ;$c25 cm. 362 1 $aInizia nel 1930; cessa nel 1939 500 $aDescrizione basata su: vol. 6 (1935). 580 $aContinuato da: Atti della R. Accademia d'Italia. Memoria della Classe di scienze fisiche, matematiche e naturali. 710 2 $aReale Accademia d'Italia.$0(OLS)http://pul/name/5817 850 $aPUL 852 $aPUL$W1$xDP2 Filosofia 1$y62$m97 Z 30$j119711$avol. 9 (1938).$qStampati$B119447$CPULBib$Z2$F119447 $82 852 $aPUL$W1$xDP2 Filosofia 1$y62$m97 Z 27$j155931$av. 5$qStampati$B119167$CPULBib$Z2$F119167 $H84069 $82 852 $aPUL$W1$xDP2 Filosofia 1$y62$m97 Z 28$j155932$avol. 6, par. 2 (1935)$qStampati$B119884$CPULBib$Z2$F119884 $H84071 $82 852 $aPUL$W1$xDP2 Filosofia 1$y62$m97 Z 29$j155933$avol. 7 (1936)$qStampati$B119883$CPULBib$Z2$F119883 $H84072 $82 941 1 $a8 996 $6245$aMemorie della Classe di scienze fisiche, matematiche e naturali$9(OLS)http://pul/title/133737 996 $6260$aRoma :$bReale Accademia d'Italia$9(OLS)http://pul/publisher/51191 LEADER 01053nam a2200241 u 4500 001 000000084297 003 CaOOAMICUS 005 20070226124050.0 008 050620s1975 it abf u000 u ita u 035 $a11051374 040 $aPUL(R)$bita 100 1 $aVillari, Rosario,$d1925-$0(OLS)http://pul/name/45132 245 10$aStoria moderna :$bper le scuole medie superiori /$cRosario Villari. 260 $aRoma :$bLaterza,$c1975. 300 $a464 p., [24] p. di tav. :$bill., c. geogr. ;$c21 cm 490 1 $aCollezione scolastica.$aNuova serie 650 4$aStoria moderna$xManuali, trattati, ecc.$0(OLS)http://pul/subject/28503 830 0$aCollezione scolastica.$pNuova serie.$0(OLS)http://pul/title/109674 850 $aPUL 852 $aPUL$W1$xDP1 Fondo Cecchetti$y53$m270 E 32$j107228$nBK-PRI$b $qFondi$B107228$CPULBib$Z2$F107228 $HPUL53057 $81 941 1 $a1 996 $6245$aStoria moderna :$bper le scuole medie superiori$9(OLS)http://pul/title/109673 996 $6260$aRoma :$bLaterza$9(OLS)http://pul/publisher/47864 LEADER 01640nam a2200337 a 4500 001 000000149331 003 CaOOAMICUS 005 20160211123334.0 008 160211s2015 gw u000 u eng r 020 $z978-3-319-13451-2* 032 $aLibriCat 040 $aPUL$bita 082 04$a340.113 245 00$aUbiquitous computing in the workplace :$bwhat ethical issues? An interdisciplinary perspective /$cKatharina Kinder-Kurlanda, Céline Ehrwein Nihan editors. 260 $aCham, ecc. :$bSpringer,$c©2015. 300 $axii, 101 p. ;$c24 cm. 490 1 $aAdvances in intelligent systems and computing ;$v333 504 $aComprende riferimenti bibliografici ed indice. 650 4$aInternet$xAspetti sociali e legali.$0(OLS)http://pul/subject/37629 650 4$aInformatica e società.$0(OLS)http://pul/subject/25935 700 1 $aKinder-Kurlanda, Katharina.$0(OLS)http://pul/name/95230 700 1 $aEhrwein Nihan, Céline.$0(OLS)http://pul/name/95231 830 0$aAdvances in intelligent systems and computing ;$v333.$0(OLS)http://pul/title/188270 850 $aPUL 852 $aPUL$W1$xSL Diritto e Scienze Sociali 3$y79$m340. 113 KINKA 1$j171983$qDDC 21$B173574$CPULBib$Z2$F173574 $H126974 $81 941 1 $a9 996 $6020$z978-3-319-13451-2*$9(OLS)http://pul/number/159643 996 $6082$a340.113$9(OLS)http://pul/classification/2898 996 $6245$aUbiquitous computing in the workplace :$bwhat ethical issues? An interdisciplinary perspective$9(OLS)http://pul/title/188269 996 $6260$aCham, ecc. :$bSpringer$9(OLS)http://pul/publisher/84554 LEADER 01777nam a2200373 a 4500 001 000000163817 003 CaOOAMICUS 005 20171030091838.0 008 171030s2017 it u000 u ita r 020 $z978-88-14-21709-8* 032 $aLibriCat 040 $aPUL$bita 082 04$a345.45 245 00$aIndagini preliminari e udienza preliminare :$bartt. 326-437 /$ca cura di Gastone Andreazza... [et al.] ; coordinamento di Pasquale Bronzo. 260 $aMilano :$bGiuffrè,$c©2017. 300 $aXLIV, 1287 p. ;$c25 cm. 490 1 $aCodice di procedura penale : rassegna di giurisprudenza e di dottrina ;$v05 (aggiornamento) 500 $aSul front.: Volume V. Libro V. 500 $aIn testa al front.: Giorgio Lattanzi, Ernesto Lupo. 504 $aBibliografia in nota. 650 4$aProcedura penale$zItalia.$0(OLS)http://pul/subject/12686 700 1 $aBronzo, Pasquale.$0(OLS)http://pul/name/85341 700 1 $aAndreazza, Gastone.$0(OLS)http://pul/name/79449 700 1 $aLupo, Ernesto.$0(OLS)http://pul/name/85343 700 1 $aLattanzi, Giorgio.$0(OLS)http://pul/name/51063 830 0$aCodice di procedura penale : rassegna di giurisprudenza e di dottrina ;$v05 (aggiornamento).$0(OLS)http://pul/title/167434 850 $aPUL 852 $aPUL$W1$xSL Diritto e Scienze Sociali 3$y79$m345. 45 LATGI 1.5.5$j187949$qDDC 21$B191074$CPULBib$Z2$F191074 $H130170 $82 941 1 $a9 996 $6020$z978-88-14-21709-8*$9(OLS)http://pul/number/163244 996 $6082$a345.45$9(OLS)http://pul/classification/371 996 $6245$aIndagini preliminari e udienza preliminare :$bartt. 326-437$9(OLS)http://pul/title/203520 996 $6260$aMilano :$bGiuffrè$9(OLS)http://pul/publisher/48401 LEADER 02209nam a2200385 a 4500 001 000000174126 003 CaOOAMICUS 005 20210112160154.0 008 210112s2011 vc akod u000 u eng r 020 $z*978-88-7761-113-0* 032 $aLibriCat 040 $aPUL$bita 082 04$a261.5 110 2 $aPontificia Accademia delle scienze. Plenary session : (2016 : Città del Vaticano).$0(OLS)http://pul/name/111867 245 14$aThe proceedings of the Plenary Session on Science and sustainability : $bimpacts of scientific knowledge and technology on human society and its envitonment, 25-29 November 2016 / $cedited by Werner Arber, Joachim von Braun, Marcelo Sánchez Sorondo. 246 30$aScience and sustainability 260 $aIn Civitate Vaticana :$bex Aedibus Academicis,$c2020. 300 $a423 p. :$bfacs., fotogr., graf., tab. ;$c24 cm 490 1 $aPontificiae Academiae Scientiarum Acta ;$v24 650 4$aScienza e etica.$0(OLS)http://pul/subject/39463 650 4$aScienza e tecnologia--$ySec. XXI.$0(OLS)http://pul/subject/46387 700 1 $aBraun, Joachim von,$d1950-$0(OLS)http://pul/name/111868 700 1 $aArber, Werner,$c1929-$0(OLS)http://pul/name/68520 700 1 $aSánchez Sorondo, Marcelo,$cvescovo di Vescovio,$d1942-$0(OLS)http://pul/name/457 710 2 $aPontificia Accademia delle scienze.$0(OLS)http://pul/name/1110 830 0$aPontificiae Academiae Scientiarum Acta ;$v24.$0(OLS)http://pul/title/163388 850 $aPUL 852 $aPUL$W1$xSL Religione 3$y85$m261. 5 PAS 1.24$j198408$qDDC 21$B203012$CPULBib$Z2$F203012 $H134662 $82 941 1 $a9 996 $6020$z*978-88-7761-113-0*$9(OLS)http://pul/number/167950 996 $6082$a261.5$9(OLS)http://pul/classification/417 996 $6245$aThe proceedings of the Plenary Session on Science and sustainability : $bimpacts of scientific knowledge and technology on human society and its envitonment, 25-29 November 2016 / $9(OLS)http://pul/title/215353 996 $6246$aScience and sustainability$9(OLS)http://pul/title/215352 996 $6260$aIn Civitate Vaticana :$bex Aedibus Academicis$9(OLS)http://pul/publisher/48453